Shahbaz Qalander = : (Record no. 127464)
[ view plain ]
| 000 -LEADER | |
|---|---|
| fixed length control field | 00529nam a22001457a 4500 |
| 005 - DATE AND TIME OF LATEST TRANSACTION | |
| control field | 20220803093357.0 |
| 008 - FIXED-LENGTH DATA ELEMENTS--GENERAL INFORMATION | |
| fixed length control field | 220803b ||||| |||| 00| 0 eng d |
| 040 ## - CATALOGING SOURCE | |
| Transcribing agency | PK-LaUMT |
| 082 ## - DEWEY DECIMAL CLASSIFICATION NUMBER | |
| Classification number | APC 297.4092 |
| Item number | MEM-S |
| 100 ## - MAIN ENTRY--PERSONAL NAME | |
| Personal name | Memon Abdul Majeed Sindhi = میمن عبدالمجید سندھی |
| 245 ## - TITLE STATEMENT | |
| Title | Shahbaz Qalander = : |
| Remainder of title | sirat o sawaneh = / |
| Statement of responsibility, etc | by Memon Abdul Majeed Sindhi = میمن عبدالمجید سندھی: مترجم سید معراج نیر |
| 260 ## - PUBLICATION, DISTRIBUTION, ETC. (IMPRINT) | |
| Place of publication, distribution, etc | Lahore : |
| Name of publisher, distributor, etc | NA, |
| Date of publication, distribution, etc | 1971 |
| 300 ## - PHYSICAL DESCRIPTION | |
| Extent | 144 p. |
| 942 ## - ADDED ENTRY ELEMENTS (KOHA) | |
| Koha item type | Books |
| Withdrawn status | Lost status | Damaged status | Home library | Current library | Date acquired | Full call number | Barcode | Date last seen | Price effective from | Koha item type |
|---|---|---|---|---|---|---|---|---|---|---|
| UMT Main Campus | UMT Main Campus | 2022-08-03 | APC 297.4092 MEM-S | 143541 | 2022-08-03 | 2022-08-03 | Books |
